Pokémon - Antagonistes - Hélio (DE/PS) - Statistiques

Statistiques générales
  • Ce quiz a été pris 10 fois
  • Le résultat moyen est 62 sur 113
Statistiques - réponses
Hint Réponse % Correct
Corboss
100%
Cornèbre
100%
Nosferalto
100%
Nostenfer
100%
Niv 40
89%
Niv 43
89%
Niv 45
89%
Dimoret
89%
Type Eau
89%
Type Feu
89%
Type Glace
89%
Léviator
89%
Capacités Mâchouille
89%
Type Poison
89%
Type Ténèbres
89%
Type Vol
89%
Niv 46
78%
Niv 48
78%
Capacités Ball'Ombre
78%
Type Dragon
78%
Farfuret
78%
Capacités Morsure
78%
Capacités Séisme
78%
Objet Baie Sitrus
67%
Capacités Danse Draco
67%
Drattak
67%
Talent Intimidation
67%
Capacités Tranch'Air
67%
Capacités Tranche-Nuit
67%
Talent Attention
56%
Capacités Crocs Givre
56%
Capacités Éclats Glace
56%
Type Électrik
56%
Capacités Griffe Acier
56%
Talent Lévitation
56%
Motisma
56%
Capacités Poing Glace
56%
Capacités Aéropique
44%
Capacités Cascade
44%
Objet Ceinture Force
44%
Capacités Change Éclair
44%
Capacités Cru-Ailes
44%
Entei
44%
Capacités Poison Croix
44%
Capacités Surchauffe
44%
Capacités Tête de Fer
44%
Capacités Vent Glace
44%
Capacités Vent Violent
44%
Capacités Abri
33%
Capacités Aiguisage
33%
Capacités Ailes d'Acier
33%
Capacités Baston
33%
Capacités Canicule
33%
Capacités Crochet Venin
33%
Capacités Demi-Tour
33%
Capacités Draco Météore
33%
Capacités Ombre Nocturne
33%
Capacités Coup d'Jus
22%
Capacités Feu Sacré
22%
Talent Insomnia
22%
Objet Mouchoir Choix
22%
Capacités Piétisol
22%
Capacités Vent Arrière
22%
Capacités Anti-Brume
11%
Capacités Assurance
11%
Objet Bandeau Muscle
11%
Talent Chanceux
11%
Capacités Grincement
11%
Capacités Mégafouet
11%
Capacités Provoc
11%
Capacités Tunnel
11%
Capacités Vitesse Extrême
11%
Objet Vive Griffe
11%
Objet (Set 2) Baie Mago
0%
Objet Baie Parma
0%
Objet Baie Pomroz
0%
Capacités Bluff
0%
Capacités Dégommage
0%
Objet Herbe Blanche
0%
Talent Infiltration
0%
Objet Lentilscope
0%
Talent Pickpocket
0%
Aucun quiz correspondant
Distribution des résultats
% des personnes avec chaque résultat
Percentile par nombre de réponses
Votre historique - résultats
Vous n’avez pas pris ce quiz